Escudos de times da Bundesliga - Statistics

Estatísticas Gerais
  • Esse quiz foi jogado 92 vezes
  • A pontuação média é 16 de 18
Estatísticas das Respostas
Imagem Resposta % Correto
Borussia Dortmund
98%
Bayern de Munique
96%
RB Leipzig
96%
Bayer Leverkusen
95%
Eintracht Frankfurt
94%
Wolfsburg
94%
Bochum
93%
Hoffenheim
93%
Mainz
88%
Union Berlin
88%
Heidenheim
87%
St Pauli
87%
Werder Bremen
86%
Stuttgart
83%
Augsburg
82%
Borussia Monchengladbach
81%
Freiburg
80%
Holstein Kiel
64%
Nenhum quiz correspondente encontrado
Distribuição das Pontuações
Porcentagem de Pessoas com Cada Pontuação
Percentil de Números Respondidos
Sua Pontuação Histórica
Você não jogou esse quiz